<?xml version="1.0" encoding="UTF-8"?>
<record
    xmlns:xsi="http://www.w3.org/2001/XMLSchema-instance"
    xsi:schemaLocation="http://www.loc.gov/MARC21/slim http://www.loc.gov/standards/marcxml/schema/MARC21slim.xsd"
    xmlns="http://www.loc.gov/MARC21/slim">

  <leader>01050nam a2200289Ia 4500</leader>
  <controlfield tag="001">u23148</controlfield>
  <controlfield tag="003">SIRSI</controlfield>
  <controlfield tag="005">20180219123755.0</controlfield>
  <controlfield tag="007">he|amb|||bacu</controlfield>
  <controlfield tag="008">011122s1992    ua a    bb    000 0 eng d</controlfield>
  <datafield tag="039" ind1=" " ind2="9">
    <subfield code="a">200207201403</subfield>
    <subfield code="b">said</subfield>
    <subfield code="y">200203190956</subfield>
    <subfield code="z">load</subfield>
  </datafield>
  <datafield tag="040" ind1=" " ind2=" ">
    <subfield code="a">EAL.</subfield>
  </datafield>
  <datafield tag="090" ind1=" " ind2=" ">
    <subfield code="a">Thesis</subfield>
    <subfield code="b">S-4200</subfield>
  </datafield>
  <datafield tag="100" ind1="1" ind2=" ">
    <subfield code="a">ELkashlan, Ibrahim Hani Saad ELdin Fathi.</subfield>
  </datafield>
  <datafield tag="245" ind1="1" ind2="0">
    <subfield code="a">Studies on some insects associated with stored products </subfield>
    <subfield code="h">[microform] /</subfield>
    <subfield code="c">Ibrahim Hani Saad ELdin Fathi ELkashlan.</subfield>
  </datafield>
  <datafield tag="260" ind1=" " ind2=" ">
    <subfield code="c">1992.</subfield>
  </datafield>
  <datafield tag="300" ind1=" " ind2=" ">
    <subfield code="a">176, 8 Leaves :</subfield>
    <subfield code="b">ill. ;</subfield>
    <subfield code="c">30 cm.</subfield>
  </datafield>
  <datafield tag="502" ind1=" " ind2=" ">
    <subfield code="a">Thesis (Ph.D)--Alexandria University, 1992.</subfield>
  </datafield>
  <datafield tag="504" ind1=" " ind2=" ">
    <subfield code="a">Includes bibliographical refences (leaves [166]-176)</subfield>
  </datafield>
  <datafield tag="533" ind1=" " ind2=" ">
    <subfield code="a">Microfiche.</subfield>
    <subfield code="b">ASUNET,</subfield>
    <subfield code="c">Ain Shams University,</subfield>
    <subfield code="e">3 microfiches : negative.</subfield>
  </datafield>
  <datafield tag="546" ind1=" " ind2=" ">
    <subfield code="a">Summary in Arabic.</subfield>
  </datafield>
  <datafield tag="596" ind1=" " ind2=" ">
    <subfield code="a">1</subfield>
  </datafield>
  <datafield tag="650" ind1=" " ind2="0">
    <subfield code="a">Farm produce</subfield>
    <subfield code="x">Storage</subfield>
    <subfield code="x">Diseases and injuries.</subfield>
  </datafield>
  <datafield tag="650" ind1=" " ind2="0">
    <subfield code="a">Grain</subfield>
    <subfield code="x">Storage</subfield>
    <subfield code="x">Diseases and injuries.</subfield>
  </datafield>
  <datafield tag="650" ind1=" " ind2="0">
    <subfield code="a">Food storage pests.</subfield>
  </datafield>
  <datafield tag="942" ind1=" " ind2=" ">
    <subfield code="c">MIC</subfield>
    <subfield code="2">lcc</subfield>
  </datafield>
  <datafield tag="952" ind1=" " ind2=" ">
    <subfield code="0">0</subfield>
    <subfield code="1">0</subfield>
    <subfield code="2">lcc</subfield>
    <subfield code="4">0</subfield>
    <subfield code="7">0</subfield>
    <subfield code="a">ENAL</subfield>
    <subfield code="b">ENAL</subfield>
    <subfield code="d">2018-02-19</subfield>
    <subfield code="l">0</subfield>
    <subfield code="o">THESIS S-4200</subfield>
    <subfield code="p">14805-1001</subfield>
    <subfield code="r">2018-02-19 00:00:00</subfield>
    <subfield code="t">1</subfield>
    <subfield code="w">2018-02-19</subfield>
    <subfield code="y">MIC</subfield>
  </datafield>
  <datafield tag="999" ind1=" " ind2=" ">
    <subfield code="c">3636</subfield>
    <subfield code="d">3636</subfield>
  </datafield>
</record>
